000 00942nam a2200121Ia 4500
008 220615s9999||||xx |||||||||||||| ||und||
245 0 _aNew Business Models for the Reuse of Secondary Resources from WEEEs
_bThe FENIX Project
546 _aEnglish[eng]
650 _aIndustrial and Production Engineering||Natural Resource and Energy Economics||Supply Chain Management||Waste Management/Waste Technology||Life Cycle Cost||Life Cycle Assessment||Life Cycle Performance Assessment||Open Access||Circular Economy||Circular Business Models||WEEE management||Circularity Performance Assessment||Production engineering||Environmental economics||Purchasing & supply management||Waste management||Waste treatment & disposal
700 _aRosa, Paolo||Terzi, Sergio
856 _uhttps://library.oapen.org/bitstream/20.500.12657/50044/1/978-3-030-74886-9.pdf||https://library.oapen.org/bitstream/20.500.12657/50044/1/978-3-030-74886-9.pdf
942 _cEB
999 _c13920
_d13920